Thuật toán Graham tìm bao lồi của một tập hữu hạn điểm trong mặt phẳng Luận văn thạc sĩ toán học. Chuyên ngành: Hình học - Tôpô. Mã số: 60.46.10

সংরক্ষণ করুন:
গ্রন্থ-পঞ্জীর বিবরন
প্রধান লেখক: Hà, Mạnh Hùng
অন্যান্য লেখক: Phan, Thành An (Hướng dẫn)
বিন্যাস: গবেষণাপত্র সজ্জা গ্রন্থ
ভাষা:Vietnamese
প্রকাশিত: Vinh Đại học Vinh 2006
বিষয়গুলি:
ট্যাগগুলো: ট্যাগ যুক্ত করুন
কোনো ট্যাগ নেই, প্রথমজন হিসাবে ট্যাগ করুন!
Thư viện lưu trữ: Trung tâm Học liệu Lê Vũ Hùng, Trường Đại học Đồng Tháp
LEADER 01130ppm a22002898a 4500
001 00029899
005 20171026081022.0
008 121128s2006 ||||||viesd
041 0 # |a vie 
082 1 4 |a 516  |b TH504T 
100 1 # |a Hà, Mạnh Hùng 
245 0 0 |a Thuật toán Graham tìm bao lồi của một tập hữu hạn điểm trong mặt phẳng  |b Luận văn thạc sĩ toán học. Chuyên ngành: Hình học - Tôpô. Mã số: 60.46.10  |c Hà Mạnh Hùng; Phan Thành An (hướng dẫn) 
260 # # |a Vinh  |b Đại học Vinh  |c 2006 
300 # # |a 50 tr.  |c 30cm. 
500 # # |a ĐTTTS ghi: Bộ giáo dục và đào tạo. Trường Đại học Vinh 
653 # # |a Hình học 
653 # # |a Toán học 
653 # # |a Thuật toán Graham 
653 # # |a Luận văn 
653 # # |a Mặt phẳng 
700 1 # |a Phan, Thành An  |e Hướng dẫn 
852 # # |j LV.0000084 
852 # # |b Kho đọc SĐH  |j LV.0000084 
910 |d 28/11/2012 
980 # # |a Trung tâm Học liệu Lê Vũ Hùng, Trường Đại học Đồng Tháp